000 00652nam a2200229Ia 4500
005 20250425162453.0
008 250425s9999 xx 000 0 und d
020 _a9789978228739
041 _aspa
082 _a305.8866
100 _aSANCHEZ PARGA, JOSE
245 0 _aQUE SIGNIFICA SER INDIGENA PARA EL INDIGENA: MAS ALLA DE LA COMUNIDAD Y LA LENGUA
250 _a1A ED.
260 _aEcuador
_bABYA YALA/UNIVERSIDAD POLITECNICA SALESIANA
_c2009
260 _aS.L.
300 _a154
500 _aCOLECCION INVESTIGACIONES
650 _aCOMUNIDADES INDIGENAS
650 _aSOCIOLOGIA INDIGENA-ECUADOR
942 _c01
010 _a76395
999 _c229902
_d229902